000 00708nam a2200205Ia 4500
001 14739
003 GE_BSU
008 181216s||||||||xx |||||||||||||| ||und||
040 _cGE_BSU
080 _aპერიოდიკა
245 _aკარიბჭე №6(275) 26მარტი-8 აპრილი 2015
245 _bმართლმადიდებლური ჟურნალი.
245 _cმთავარი რედაქტორი: თამარ მამაცაშვილი.
260 _aთბილისი
260 _c2015
300 _a78გვ.28 სმ.
653 _aკარიბჭე.
653 _aპერიოდიკა
942 _cCR
999 _c47864
_d47864